00578cam a22002053a 45000010005000000030006000050050017000110080041000280400015000690420007000840500007000911000021000982450069001192600029001885060030002175160020002476530036002678300028003038560041003311679PGUSA20140828083005.0990301s1999||||xxu|||||s|||||000 1 eng d aPGUSAbeng adc 4aPZ1 aTodd, Burbank L.10aHiram the Young Farmerh[electronic resource] /cBurbank L. Todd bProject Gutenberg,c1999 aPublic domain in the USA. aElectronic text aAgriculture -- Juvenile fiction 0aProject Gutenbergv167940uhttp://www.gutenberg.org/ebooks/1679